Sổ tay định mức tiêu hao vật liệu và năng lượng điện trong hàn

সংরক্ষণ করুন:
গ্রন্থ-পঞ্জীর বিবরন
প্রধান লেখক: Hoàng Tùng
বিন্যাস: গ্রন্থ
ভাষা:Undetermined
প্রকাশিত: H. KHKT 2001
বিষয়গুলি:
ট্যাগগুলো: ট্যাগ যুক্ত করুন
কোনো ট্যাগ নেই, প্রথমজন হিসাবে ট্যাগ করুন!
Thư viện lưu trữ: Trung tâm Học liệu Trường Đại học Cần Thơ
LEADER 00535nam a2200193Ia 4500
001 CTU_62075
008 210402s9999 xx 000 0 und d
020 |b 42000 
082 |a 671.52 
082 |b T513 
100 |a Hoàng Tùng 
245 0 |a Sổ tay định mức tiêu hao vật liệu và năng lượng điện trong hàn 
245 0 |c Hoàng Tùng 
260 |a H. 
260 |b KHKT 
260 |c 2001 
650 |a welding 
904 |i Minh 
980 |a Trung tâm Học liệu Trường Đại học Cần Thơ